| 000 | 00457nam a2200205Ia 4500 | ||
|---|---|---|---|
| 005 | 20250425162642.0 | ||
| 008 | 250425s9999 xx 000 0 und d | ||
| 020 | _a0852381786 | ||
| 041 | _aeng | ||
| 043 | _aat | ||
| 082 | _a594 | ||
| 100 | _aHARDY, DAVID | ||
| 245 | 0 | _aSCALLOP FARMING | |
| 250 | _aFIRST | ||
| 260 |
_aAustralia _bFISHING NEWS BOOKS _c1991 |
||
| 300 | _a237 | ||
| 650 | _aMOLUSCOS PECTINIDOS | ||
| 942 | _c01 | ||
| 010 | _a94103 | ||
| 999 |
_c233632 _d233632 |
||